| 000 | 00670cam a2200229 4500500 | ||
|---|---|---|---|
| 005 | 20260405003006.0 | ||
| 041 | _afre | ||
| 042 | _adc | ||
| 100 | 1 | 0 |
_aPortevin, Catherine _eauthor |
| 245 | 0 | 0 | _aPendant que j’y pense / novembre 2019 |
| 260 | _c2019. | ||
| 500 | _a23 | ||
| 690 | _aAccueil | ||
| 690 | _aExil | ||
| 690 | _aHospitalité | ||
| 690 | _aMarie Cosnay | ||
| 690 | _aMathieu Potte-Bonneville | ||
| 690 | _aMigrants | ||
| 690 | _aréfugiés | ||
| 786 | 0 | _nPhilosophie magazine | 134 | 11 | 2019-11-01 | p. 40-41 | 1951-1787 | |
| 856 | 4 | 1 | _uhttps://shs.cairn.info/magazine-philosophie-magazine-2019-11-page-40?lang=fr&redirect-ssocas=7080 |
| 999 |
_c2063299 _d2063299 |
||